000 00635nam a22002177a 4500
003 UA-OsUOA
001 77851
007 ta
008 20110922b un ||||| |||| 00| 0 ukr d
100 _aДолінський Л.Б.
090 _a330(477)
_bД64
942 _cSA
040 _aUA-OsUOA
_bukr
_cUA-OsUOA
_dUA-OsUOA
245 _aКореляційний аналіз спільного дефолту позичальників
300 _aС.97-107
955 _a0
041 _aukr
080 _a330(477)
773 0 _w77840
_tФінанси України
_dК.
_d2011
_g4
650 7 _a330 Економіка взагалі
_2UDC
999 _c364159
_d364159